[Event "Niederbayernliga 1516"]
[Site "Bayern"]
[Date "2016.03.13"]
[Round "8.7"]
[White "Krause, Karl Heinz"]
[Black "Koenigl, Anton"]
[Result "0-1"]
[WhiteElo "1370"]
[BlackElo "1700"]
[PlyCount "120"]
[EventDate "2015.10.11"]
[EventType "team-tourn"]
[EventRounds "9"]
[EventCountry "GER"]
[SourceTitle "EXT 2023"]
[Source "ChessBase"]
[SourceDate "2022.10.05"]
[SourceVersion "1"]
[SourceVersionDate "2022.10.05"]
[SourceQuality "1"]
[WhiteTeam "Landau Dingolfing II"]
[BlackTeam "Ergolding"]
[WhiteTeamCountry "GER"]
[BlackTeamCountry "GER"]

1. e4 c5 2. Bc4 e6 3. Nc3 Nc6 4. Nf3 d6 5. d4 cxd4 6. Nxd4 Nf6 7. Bg5 Be7 8. Nxc6 bxc6 9. Bxf6 Bxf6 10. Qe2 Qb6 11. Qf3 Bd7 12. Bb3 a5 13. a4 Qa6 14. Qg3 c5 15. Rd1 Be5 16. f4 Bxc3+ 17. Qxc3 0-0 18. Kf2 Qb6 19. Qe3 Rfd8 20. Rhe1 Be8 21. h3 Rab8 22. Kg3 Qb4 23. f5 exf5 24. exf5 c4 25. Ba2 Bxa4 26. b3 Re8 27. Qf2 cxb3 28. Rxe8+ Rxe8 29. cxb3 Qc3+ 30. Kh2 Bxb3 31. Bxb3 Qxb3 32. Ra1 Qc3 33. Rf1 Qe5+ 34. Kh1 f6 35. Qa2+ Kf8 36. Qc4 Qe2 37. Qc1 a4 38. Kh2 a3 39. Rf3 Qe5+ 40. Rg3 a2 41. Qc7 Re7 42. Qc8+ Kf7 43. Qh8 Qxg3+ 44. Kxg3 a1Q 45. Qxh7 Re3+ 46. Kh4 Qe1+ 47. Kh5 Qg3 48. h4 Qe5 49. g3 Ke8 50. Qxg7 Rxg3 51. Qh8+ Kd7 52. Qh7+ Kc6 53. Qg6 Rf3 54. Kh6 Qf4+ 55. Kh7 Qxh4+ 56. Kg7 Rg3 57. Qxg3 Qxg3+ 58. Kxf6 Kd7 59. Kf7 Qb3+ 60. Kf8 Qf3 0-1

[Event "Niederbayernliga 1516"]
[Site "Bayern"]
[Date "2016.01.31"]
[Round "6.7"]
[White "Koenigl, Anton"]
[Black "Hartmann, Martin1111"]
[Result "1-0"]
[WhiteElo "1700"]
[BlackElo "1719"]
[PlyCount "107"]
[EventDate "2015.10.11"]
[EventType "team-tourn"]
[EventRounds "9"]
[EventCountry "GER"]
[SourceTitle "EXT 2023"]
[Source "ChessBase"]
[SourceDate "2022.10.05"]
[SourceVersion "1"]
[SourceVersionDate "2022.10.05"]
[SourceQuality "1"]
[WhiteTeam "Ergolding"]
[BlackTeam "Grafenau"]
[WhiteTeamCountry "GER"]
[BlackTeamCountry "GER"]

1. e4 e5 2. Nf3 Nc6 3. d4 exd4 4. Bc4 d6 5. Nxd4 Ne5 6. Be2 Nf6 7. Nc3 Be7 8. Bf4 a6 9. h3 0-0 10. 0-0 Re8 11. Re1 Ng6 12. Be3 Bf8 13. Bd3 Ne5 14. Bf1 Bd7 15. f3 c5 16. Nde2 Bc6 17. Nf4 Qc7 18. Qd2 b5 19. a3 Rad8 20. Rad1 Qb7 21. Nfd5 Bxd5 22. Nxd5 Nxd5 23. Qxd5 Qxd5 24. Rxd5 Nd7 25. Red1 Nb6 26. R5d2 Rb8 27. Bf4 Nc8 28. b3 Rb6 29. Bg3 g6 30. Bf2 Rc6 31. c4 b4 32. axb4 cxb4 33. Bd4 Nb6 34. Ra2 Nd7 35. Rda1 Ra8 36. Ra4 Nc5 37. Rxb4 a5 38. Rb5 a4 39. Bxc5 dxc5 40. Rxa4 Rxa4 41. bxa4 Ra6 42. a5 Kg7 43. Kf2 Be7 44. Ke3 Ra7 45. f4 f6 46. Be2 Kf7 47. Bg4 Ke8 48. Be6 h6 49. g4 Bd6 50. Bc8 Be7 51. Bb7 Bd8 52. a6 Ke7 53. e5 fxe5 54. fxe5 1-0

[Event "Niederbayern-ch Seniors"]
[Site "Regen"]
[Date "2015.06.21"]
[Round "7"]
[White "Koenigl, Anton"]
[Black "Zorn, Guenter"]
[Result "1/2-1/2"]
[WhiteElo "1767"]
[BlackElo "1558"]
[PlyCount "25"]
[EventDate "2015.06.18"]
[EventType "tourn"]
[EventRounds "7"]
[EventCountry "GER"]
[SourceTitle "EXT 2023"]
[Source "ChessBase"]
[SourceDate "2022.10.05"]
[SourceVersion "1"]
[SourceVersionDate "2022.10.05"]
[SourceQuality "1"]

1. e4 e6 2. d4 Nc6 3. Nf3 Be7 4. a3 Nf6 5. Bd3 d6 6. Be3 a6 7. Nc3 0-0 8. 0-0 Ng4 9. Bd2 e5 10. Nd5 Nxd4 11. Nxd4 exd4 12. Nxe7+ Qxe7 13. h3 1/2-1/2

[Event "Niederbayernliga 1415"]
[Site "Bayern"]
[Date "2014.11.23"]
[Round "3.6"]
[White "Stadler, Helmut1111"]
[Black "Koenigl, Anton"]
[Result "1/2-1/2"]
[WhiteElo "1773"]
[BlackElo "1751"]
[PlyCount "95"]
[EventDate "2014.10.19"]
[EventType "team-tourn"]
[EventRounds "9"]
[EventCountry "GER"]
[SourceTitle "EXT 2023"]
[Source "ChessBase"]
[SourceDate "2022.10.05"]
[SourceVersion "1"]
[SourceVersionDate "2022.10.05"]
[SourceQuality "1"]
[WhiteTeam "Grafenau"]
[BlackTeam "Ergolding"]
[WhiteTeamCountry "GER"]
[BlackTeamCountry "GER"]

1. e4 g6 2. d4 Bg7 3. Nf3 d6 4. Be3 Nf6 5. Nbd2 c6 6. Bd3 Qc7 7. h3 Nbd7 8. 0-0 0-0 9. Rc1 e5 10. c3 Re8 11. Qc2 Nf8 12. dxe5 dxe5 13. Nc4 Nh5 14. Bc5 Rd8 15. Rfd1 Ne6 16. Be3 b5 17. Ncd2 Nef4 18. Bf1 Ne6 19. Nb3 Bd7 20. c4 b4 21. Nc5 a5 22. Rd2 Nxc5 23. Bxc5 Be6 24. Rcd1 Rxd2 25. Rxd2 Bf8 26. Bxf8 Rxf8 27. Qd3 Nf6 28. Ng5 Re8 29. b3 h6 30. Nf3 Kg7 31. Be2 c5 32. Ne1 Re7 33. Qe3 Qc6 34. Bd3 Bc8 35. f3 Nh5 36. Bc2 Nf4 37. Nd3 Ne6 38. Nf2 Nd4 39. Nd3 f6 40. Nb2 g5 41. Nd1 Rd7 42. Bd3 Qd6 43. Qf2 Rd8 44. Ne3 Be6 45. Nd5 Nc6 46. Bc2 Nd4 47. Bd1 Qd7 48. Rd3 1/2-1/2

[Event "Niederbayernliga 1415"]
[Site "Bayern"]
[Date "2014.10.19"]
[Round "1.5"]
[White "Koenigl, Anton"]
[Black "Stutzke, Christian"]
[Result "1-0"]
[WhiteElo "1751"]
[BlackElo "1814"]
[PlyCount "93"]
[EventDate "2014.10.19"]
[EventType "team-tourn"]
[EventRounds "9"]
[EventCountry "GER"]
[SourceTitle "EXT 2023"]
[Source "ChessBase"]
[SourceDate "2022.10.05"]
[SourceVersion "1"]
[SourceVersionDate "2022.10.05"]
[SourceQuality "1"]
[WhiteTeam "Ergolding"]
[BlackTeam "Deggendorf II"]
[WhiteTeamCountry "GER"]
[BlackTeamCountry "GER"]

1. d4 Nf6 2. Nf3 g6 3. Nbd2 Bg7 4. e4 d6 5. Bd3 0-0 6. 0-0 Nbd7 7. c3 c6 8. a4 a5 9. h3 e5 10. Re1 Nh5 11. Nc4 Qc7 12. dxe5 Nxe5 13. Nfxe5 dxe5 14. Be3 c5 15. Qb3 Rd8 16. Be2 Nf6 17. f3 Be6 18. Qb6 Qc8 19. Red1 Nd7 20. Qb5 Qc7 21. Rd2 b6 22. Rad1 Bxc4 23. Bxc4 Nf6 24. Qb3 Rxd2 25. Rxd2 h6 26. Qd1 Bf8 27. g4 g5 28. h4 gxh4 29. g5 hxg5 30. Bxg5 Nh7 31. Bxh4 Ra7 32. Kh1 Qc8 33. Kh2 Kh8 34. Rd8 Qc6 35. Bg3 Qf6 36. Kg2 Kg7 37. Qd5 Re7 38. Qa8 Qh6 39. Qb8 f6 40. Kf2 Kh8 41. Ke2 Rg7 42. Rxf8+ Nxf8 43. Qxf8+ Kh7 44. Be6 Kg6 45. Bxe5 Kg5 46. f4+ Kh5 47. Qxf6 1-0

[Event "Bayern-ch op Seniors 26th"]
[Site "Bergen"]
[Date "2014.06.28"]
[Round "8"]
[White "Krafzik, Joachim"]
[Black "Koenigl, Anton"]
[Result "1/2-1/2"]
[WhiteElo "1819"]
[BlackElo "1696"]
[PlyCount "110"]
[EventDate "2014.06.21"]
[EventType "swiss"]
[EventRounds "7"]
[EventCountry "GER"]
[SourceTitle "EXT 2018"]
[Source "ChessBase"]
[SourceDate "2017.10.13"]
[SourceVersion "1"]
[SourceVersionDate "2017.10.13"]
[SourceQuality "1"]

1. b4 e5 2. Bb2 d6 3. e3 Be6 4. c4 Nf6 5. Nc3 Nbd7 6. Nf3 Be7 7. d4 Bg4 8. Be2 0-0 9. 0-0 a5 10. b5 Re8 11. h3 Bxf3 12. Bxf3 Qc8 13. Rc1 Rb8 14. Nd5 Bf8 15. Qc2 e4 16. Be2 b6 17. Nc3 Qb7 18. d5 Qc8 19. Rfd1 Qd8 20. Bf1 Qe7 21. Ne2 g6 22. Nd4 Ne5 23. Re1 Ra8 24. f4 exf3 25. gxf3 Nh5 26. f4 Nd7 27. Ba3 Qh4 28. Qf2 Qg3+ 29. Qxg3 Nxg3 30. Bd3 Nf6 31. Kf2 Nge4+ 32. Kg2 Bg7 33. Bb2 Nc5 34. Bb1 Nfe4 35. Re2 Na4 36. Ba1 Nac5 37. Kf3 f5 38. Bc2 Nf6 39. Nc6 Nfe4 40. Bxg7 Kxg7 41. Bb1 Kf7 42. Rg1 Nc3 43. Rc2 Nxb1 44. Rxb1 Re4 45. Re1 Rae8 46. Ree2 Kf6 47. h4 Nd3 48. Nd4 Nc5 49. Rc3 Na4 50. Ra3 Nc5 51. Rc3 Kf7 52. Rg2 Kf6 53. h5 R8e7 54. hxg6 hxg6 55. Rh2 Rg7 1/2-1/2

[Event "Bad Woerishofen Seniors op 30th"]
[Site "Bad Woerishofen"]
[Date "2014.03.23"]
[Round "3"]
[White "Koenigl, Anton"]
[Black "Mittermaier, Walter"]
[Result "1/2-1/2"]
[WhiteElo "1917"]
[BlackElo "2104"]
[PlyCount "59"]
[EventDate "2014.03.21"]
[EventType "swiss"]
[EventRounds "9"]
[EventCountry "GER"]
[SourceTitle "EXT 2019"]
[Source "ChessBase"]
[SourceDate "2018.10.10"]
[SourceVersion "1"]
[SourceVersionDate "2018.10.10"]
[SourceQuality "1"]

1. d4 d5 2. Nf3 Nf6 3. e3 e6 4. Bd3 c5 5. b3 Nc6 6. Nbd2 Be7 7. Bb2 0-0 8. 0-0 cxd4 9. exd4 Bd7 10. c3 Rc8 11. Rc1 Bd6 12. Re1 Bf4 13. Rc2 g6 14. g3 Bh6 15. Ne5 Nxe5 16. dxe5 Nh5 17. Nf3 Qa5 18. Nd4 a6 19. a4 b5 20. Ba3 Rfe8 21. Bb4 Qb6 22. axb5 Bxb5 23. Bxb5 axb5 24. Qe2 Rb8 25. Ra1 Bf8 26. Ba5 Qb7 27. b4 Ng7 28. g4 Rec8 29. Qd3 Rc4 30. h3 1/2-1/2

[Event "Niederbayernliga 1314"]
[Site "Bayern"]
[Date "2014.??.??"]
[Round "9"]
[White "Koenigl, Anton"]
[Black "Sadlo, Philipp"]
[Result "1-0"]
[WhiteElo "1732"]
[BlackElo "1419"]
[PlyCount "37"]
[EventDate "2013.10.13"]
[EventType "team-tourn"]
[EventRounds "9"]
[EventCountry "GER"]
[SourceTitle "EXT 2023"]
[Source "ChessBase"]
[SourceDate "2022.10.05"]
[SourceVersion "1"]
[SourceVersionDate "2022.10.05"]
[SourceQuality "1"]
[WhiteTeam "Ergolding"]
[BlackTeam "Landshut II"]
[WhiteTeamCountry "GER"]
[BlackTeamCountry "GER"]

1. e4 e5 2. Nf3 Nf6 3. d4 exd4 4. e5 Ng4 5. Qxd4 d6 6. Bf4 Nc6 7. Bb5 Bd7 8. Bxc6 Bxc6 9. 0-0 Bxf3 10. gxf3 dxe5 11. Qe4 Nf6 12. Qxe5+ Be7 13. Re1 Rc8 14. Nc3 c6 15. Rad1 Nd7 16. Qxg7 Rf8 17. Bh6 Rb8 18. Bf4 Rc8 19. Bd6 1-0

[Event "Niederbayernliga 1213"]
[Site "Bayern"]
[Date "2012.10.14"]
[Round "1.6"]
[White "Stadler, Helmut1111"]
[Black "Koenigl, Anton"]
[Result "1-0"]
[WhiteElo "1773"]
[BlackElo "1696"]
[PlyCount "49"]
[EventDate "2012.10.14"]
[EventType "team-tourn"]
[EventRounds "9"]
[EventCountry "GER"]
[SourceTitle "EXT 2023"]
[Source "ChessBase"]
[SourceDate "2022.10.05"]
[SourceVersion "1"]
[SourceVersionDate "2022.10.05"]
[SourceQuality "1"]
[WhiteTeam "Grafenau"]
[BlackTeam "Ergolding"]
[WhiteTeamCountry "GER"]
[BlackTeamCountry "GER"]

1. e4 c5 2. Nf3 Nc6 3. d4 cxd4 4. Nxd4 Nf6 5. Nc3 d6 6. Nxc6 bxc6 7. Bd3 g6 8. 0-0 Bg7 9. Bd2 0-0 10. Rb1 Bd7 11. f4 Qc7 12. Qe1 Rfe8 13. Qh4 Ng4 14. h3 Nf6 15. Be3 e6 16. g4 Rf8 17. f5 exf5 18. exf5 Qa5 19. g5 Ne8 20. f6 Bh8 21. Rf4 Nc7 22. Qh6 Qe5 23. Ne4 Ne6 24. Rh4 Nxg5 25. Bxg5 1-0